<?xml version="1.0" encoding="UTF-8"?>
<record
    xmlns:xsi="http://www.w3.org/2001/XMLSchema-instance"
    xsi:schemaLocation="http://www.loc.gov/MARC21/slim http://www.loc.gov/standards/marcxml/schema/MARC21slim.xsd"
    xmlns="http://www.loc.gov/MARC21/slim">

  <leader>00780nam a22001577a 4500</leader>
  <controlfield tag="003">OSt</controlfield>
  <controlfield tag="005">20151112111056.0</controlfield>
  <controlfield tag="008">151112b        xxu||||| |||| 00| 0 eng d</controlfield>
  <datafield tag="040" ind1=" " ind2=" ">
    <subfield code="c">RUA</subfield>
  </datafield>
  <datafield tag="082" ind1=" " ind2=" ">
    <subfield code="a">FOR HOR 2006 B133 Or.1</subfield>
  </datafield>
  <datafield tag="100" ind1=" " ind2=" ">
    <subfield code="9">3595</subfield>
    <subfield code="a">HORT, AINUNN.</subfield>
  </datafield>
  <datafield tag="245" ind1=" " ind2=" ">
    <subfield code="a">Study of the effects of potting medium on growing performance of dalbergia oliveri gramble expranin seedlin in the &#x200B;&#x178A;&#x17BB;&#x17C7;&#x179B;&#x17BC;&#x178F;&#x179B;&#x17B6;&#x179F;&#x17CB;&#x179A;&#x1794;&#x179F;&#x17CB;&#x1780;&#x17BC;&#x1793;&#x1788;&#x17BE;&#x1793;&#x17B6;&#x1784;&#x1793;&#x17BD;&#x1793;&#x1780;&#x17D2;&#x1793;&#x17BB;&#x1784;&#x1790;&#x17D2;&#x1793;&#x17B6;&#x179B;&#x1794;&#x178E;&#x17D2;&#x178A;&#x17BB;&#x17C7;&#x1794;&#x178E;&#x17D2;&#x178A;&#x17B6;&#x17BB;&#x179B;&#x1780;&#x17BC;&#x1793;&#x1788;&#x17BE;&#x1793;&#x17C5;&#x200B;&#x1798;&#x1787;&#x17D2;&#x1788;&#x1798;&#x178E;&#x17D2;&#x178C;&#x179B;&#x1794;&#x178E;&#x17D2;&#x178A;&#x17BB;&#x17C7;&#x1794;&#x178E;&#x17D2;&#x178A;&#x17B6;&#x179B;&#x179C;&#x17B7;&#x179F;&#x17D0;&#x1799;&#x1796;&#x17D2;&#x179A;&#x17C3;&#x1788;&#x17BE;&#x1793;&#x17B7;&#x1784;&#x179F;&#x178F;&#x17D2;&#x179C;&#x1796;&#x17D2;&#x179A;&#x17C3;)</subfield>
  </datafield>
  <datafield tag="260" ind1=" " ind2=" ">
    <subfield code="a">Phnom penh</subfield>
    <subfield code="b">RUA</subfield>
    <subfield code="c">2006</subfield>
  </datafield>
  <datafield tag="300" ind1=" " ind2=" ">
    <subfield code="a">xi, 52p.</subfield>
    <subfield code="b">ill.</subfield>
    <subfield code="c">29cm.</subfield>
  </datafield>
  <datafield tag="942" ind1=" " ind2=" ">
    <subfield code="2">ddc</subfield>
    <subfield code="c">FOR</subfield>
  </datafield>
  <datafield tag="999" ind1=" " ind2=" ">
    <subfield code="c">3347</subfield>
    <subfield code="d">3347</subfield>
  </datafield>
  <datafield tag="952" ind1=" " ind2=" ">
    <subfield code="0">0</subfield>
    <subfield code="1">0</subfield>
    <subfield code="2">ddc</subfield>
    <subfield code="4">0</subfield>
    <subfield code="6">FOR_HOR_2006_000000000000000_B133_OR_1</subfield>
    <subfield code="7">0</subfield>
    <subfield code="9">15711</subfield>
    <subfield code="a">LBB</subfield>
    <subfield code="b">LBB</subfield>
    <subfield code="c">B133</subfield>
    <subfield code="d">2015-11-12</subfield>
    <subfield code="o">FOR HOR 2006 B133 Or.1</subfield>
    <subfield code="p">RUA028555</subfield>
    <subfield code="r">2015-11-12</subfield>
    <subfield code="w">2015-11-12</subfield>
    <subfield code="y">FOR</subfield>
  </datafield>
  <datafield tag="952" ind1=" " ind2=" ">
    <subfield code="0">0</subfield>
    <subfield code="1">0</subfield>
    <subfield code="2">ddc</subfield>
    <subfield code="4">0</subfield>
    <subfield code="6">FOR_HOR_2006_000000000000000_B133_OR_2</subfield>
    <subfield code="7">0</subfield>
    <subfield code="9">15712</subfield>
    <subfield code="a">LBB</subfield>
    <subfield code="b">LBB</subfield>
    <subfield code="c">B133</subfield>
    <subfield code="d">2015-11-12</subfield>
    <subfield code="o">FOR HOR 2006 B133 Or.2</subfield>
    <subfield code="p">RUA028892</subfield>
    <subfield code="r">2015-11-12</subfield>
    <subfield code="w">2015-11-12</subfield>
    <subfield code="y">FOR</subfield>
  </datafield>
  <datafield tag="952" ind1=" " ind2=" ">
    <subfield code="0">0</subfield>
    <subfield code="1">0</subfield>
    <subfield code="2">ddc</subfield>
    <subfield code="4">0</subfield>
    <subfield code="6">FOR_HOR_2006_000000000000000_B133_OR_3</subfield>
    <subfield code="7">0</subfield>
    <subfield code="9">15713</subfield>
    <subfield code="a">LBB</subfield>
    <subfield code="b">LBB</subfield>
    <subfield code="c">B133</subfield>
    <subfield code="d">2015-11-12</subfield>
    <subfield code="l">1</subfield>
    <subfield code="o">FOR HOR 2006 B133 Or.3</subfield>
    <subfield code="p">RUA028820</subfield>
    <subfield code="r">2022-02-14</subfield>
    <subfield code="s">2022-02-07</subfield>
    <subfield code="w">2015-11-12</subfield>
    <subfield code="y">FOR</subfield>
  </datafield>
  <datafield tag="952" ind1=" " ind2=" ">
    <subfield code="0">0</subfield>
    <subfield code="1">0</subfield>
    <subfield code="2">ddc</subfield>
    <subfield code="4">0</subfield>
    <subfield code="6">FOR_HOR_2006_000000000000000_B133_OR_4</subfield>
    <subfield code="7">0</subfield>
    <subfield code="9">15714</subfield>
    <subfield code="a">LBB</subfield>
    <subfield code="b">LBB</subfield>
    <subfield code="c">B133</subfield>
    <subfield code="d">2015-11-12</subfield>
    <subfield code="o">FOR HOR 2006 B133 Or.4</subfield>
    <subfield code="p">RUA028963</subfield>
    <subfield code="r">2015-11-12</subfield>
    <subfield code="w">2015-11-12</subfield>
    <subfield code="y">FOR</subfield>
  </datafield>
  <datafield tag="952" ind1=" " ind2=" ">
    <subfield code="0">0</subfield>
    <subfield code="1">0</subfield>
    <subfield code="2">ddc</subfield>
    <subfield code="4">0</subfield>
    <subfield code="6">FOR_HOR_2006_000000000000000_B133_OR_5</subfield>
    <subfield code="7">0</subfield>
    <subfield code="9">15715</subfield>
    <subfield code="a">LBB</subfield>
    <subfield code="b">LBB</subfield>
    <subfield code="c">B133</subfield>
    <subfield code="d">2015-11-12</subfield>
    <subfield code="o">FOR HOR 2006 B133 Or.5</subfield>
    <subfield code="p">RUA028891</subfield>
    <subfield code="r">2015-11-12</subfield>
    <subfield code="w">2015-11-12</subfield>
    <subfield code="y">FOR</subfield>
  </datafield>
  <datafield tag="952" ind1=" " ind2=" ">
    <subfield code="0">0</subfield>
    <subfield code="1">0</subfield>
    <subfield code="2">ddc</subfield>
    <subfield code="4">0</subfield>
    <subfield code="6">FOR_HOR_2006_000000000000000_B133_OR_6</subfield>
    <subfield code="7">0</subfield>
    <subfield code="9">15716</subfield>
    <subfield code="a">LBB</subfield>
    <subfield code="b">LBB</subfield>
    <subfield code="c">B133</subfield>
    <subfield code="d">2015-11-12</subfield>
    <subfield code="o">FOR HOR 2006 B133 Or.6</subfield>
    <subfield code="p">RUA028819</subfield>
    <subfield code="r">2015-11-12</subfield>
    <subfield code="w">2015-11-12</subfield>
    <subfield code="y">FOR</subfield>
  </datafield>
</record>
